| 000 | 00628nam a22002057a 4500 | ||
|---|---|---|---|
| 999 |
_c57716 _d57716 |
||
| 005 | 20221105204510.0 | ||
| 008 | 201001s2019 enk||||| |||| 00| 0 eng d | ||
| 020 | _a9780702052736 1 | ||
| 041 | _aeng | ||
| 080 | _a611(084.4) P-33 | ||
| 100 |
_aPaulsen, F. _99589 |
||
| 245 |
_aSobotta clinical atlas of human anatomy / _cF. Paulsen, J. Waschke. |
||
| 250 | _a1st edition | ||
| 264 |
_aMunich: _bElsevier, _c2019. |
||
| 300 |
_a664 p. _b30 cm. |
||
| 653 | _aმედიცინა | ||
| 653 | _aადამიანის ანატომია | ||
| 700 |
_aPaulsen, f _eავტორი _99589 |
||
| 942 |
_2udc _cBK |
||